| 000 | 00412nam a2200181Ia 4500 | ||
|---|---|---|---|
| 003 | STCL | ||
| 008 | 181203s9999 xx 000 0 und d | ||
| 020 | _a9788126439362 | ||
| 040 |
_aSTCL _bEN _cSTCL |
||
| 082 | _222 | ||
| 100 | _aMeera, K.R. | ||
| 245 | 0 | _aആരാച്ചാർ | |
| 246 | _aAarachar | ||
| 260 |
_bD C Books _aKottayam _c2015 |
||
| 300 | _a552 | ||
| 546 | _aMalayalam | ||
| 942 |
_2ddc _cBK |
||
| 999 |
_c84557 _d84557 |
||